000 01763nam a2200241Ia 4500
008 260220t1968||||xx |||||||||||||| ||spa||
040 _aPY-SlUNAC
_bspa
_erda
041 _aspa
082 _a582
_bB413v
100 _aBell, C. Ritchie
_eAutor
245 0 _aVariación y clasificación de las plantas /
_cpor C. Ritchie Bell [Autor]
264 _aCiudad de México :
_bCentro Regional de Ayuda Técnica,
_c℗1968.
300 _a1 volumen
520 _aEl libro "Variación y clasificación de las plantas" de C. Ritchie Bell, publicado en 1968, ofrece un enfoque sistemático y profundo sobre la diversidad botánica y los métodos de clasificación de las plantas. A través de un análisis detallado, el autor explora los principios de la variación morfológica y genética en diversas especies, destacando la importancia de la taxonomía en la identificación y categorización de las plantas. Bell también aborda las implicaciones ecológicas y evolutivas de la variación, proporcionando ejemplos concretos que ilustran cómo los factores ambientales influyen en la diversidad vegetal. La obra se fundamenta en una extensa revisión de la literatura científica, complementada con ilustraciones que facilitan la comprensión de los conceptos presentados. En conjunto, el texto se convierte en un recurso valioso tanto para estudiantes como para investigadores en el ámbito de la botánica, ofreciendo herramientas para el estudio y la conservación de la flora en un contexto científico y práctico.
653 _aBotánica
653 _aClasificación
653 _aPlantas
942 _b2026/02/17
_cBK
999 _c8304
_d8304